00379 a2200145 4500010001400000020001000014035001300024037001600037082001200053100002000065245006900085260003700154270001500191300002700206 aENG-90150 c40.00 aEN-73683 bDBAD / PUB14a882.0921 aRameshkumar, V.1 aExistentialist elements in Arun Joshi's workscby V. Rameshkumar aThiruvarurbV. Rameshkumarc2007 bThiruvarur ax, 110p.c22 cm (pbk)